[Event "Asian Hybrid"]
[Site "Tornelo INT"]
[Date "2021.05.28"]
[Round "8"]
[White "Lim, Zhuo Ren"]
[Black "Marticio, Jeremy"]
[Result "1/2-1/2"]
[WhiteElo "2311"]
[BlackElo "1695"]
[PlyCount "132"]
[EventDate "2021.05.21"]
[EventType "swiss"]
[EventRounds "9"]
[EventCountry "NET"]
[SourceTitle "CBM 202 Extra"]
[Source "ChessBase"]
[SourceDate "2021.07.31"]
[SourceVersion "1"]
[SourceVersionDate "2021.07.31"]
[SourceQuality "1"]

1. Nf3 e6 2. d4 d5 3. c4 Nf6 4. g3 dxc4 5. Bg2 c5 6. 0-0 Nc6 7. Ne5 Bd7 8. Na3 cxd4 9. Naxc4 Rc8 10. Qb3 Nxe5 11. Nxe5 Bc6 12. Nxc6 bxc6 13. Rd1 c5 14. e3 c4 15. Qa4+ Qd7 16. Qxd7+ Nxd7 17. Rxd4 Be7 18. Bb7 Rc7 19. Ba6 0-0 20. Rxc4 Rxc4 21. Bxc4 Bf6 22. Rb1 Nb6 23. Bb5 Rd8 24. Kf1 Nd5 25. Ke2 Rb8 26. Bd3 Nb4 27. Bc4 Rc8 28. Bb3 Rd8 29. Bd2 Nd3 30. Ba5 Rd7 31. Rd1 Ne5 32. Bc3 Rxd1 33. Bxd1 Kf8 34. Bd4 Nd7 35. Bxf6 Nxf6 36. Kd3 Ke7 37. Kd4 Kd6 38. f4 Nd7 39. Bf3 e5+ 40. Kc4 f5 41. b4 Nb6+ 42. Kc3 e4 43. Bd1 Nd5+ 44. Kd4 Nxb4 45. a3 Nd5 46. g4 g6 47. g5 Nc7 48. a4 Ne6+ 49. Kc4 Kc6 50. Kb4 Nc5 51. Ka5 Kd5 52. Be2 Nd3 53. Kb5 Kd6 54. Kc4 Ne1 55. Bd1 Nf3 56. h3 Ng1 57. Kd4 Nxh3 58. Bb3 Nf2 59. Bg8 Ke7 60. a5 Ng4 61. a6 h5 62. gxh6 Nxh6 63. Bc4 Ng4 64. Be2 Nf6 65. Kc5 Kd7 66. Bb5+ Ke7 1/2-1/2

[Event "Asian Hybrid"]
[Site "Tornelo INT"]
[Date "2021.05.27"]
[Round "7"]
[White "Marticio, Jeremy"]
[Black "Dauletova, Gulmira"]
[Result "1-0"]
[WhiteElo "1695"]
[BlackElo "2285"]
[PlyCount "167"]
[EventDate "2021.05.21"]
[EventType "swiss"]
[EventRounds "9"]
[EventCountry "NET"]
[SourceTitle "CBM 202 Extra"]
[Source "ChessBase"]
[SourceDate "2021.07.31"]
[SourceVersion "1"]
[SourceVersionDate "2021.07.31"]
[SourceQuality "1"]

1. e4 e5 2. Nf3 Nc6 3. Bb5 a6 4. Ba4 g6 5. 0-0 Bg7 6. c3 b5 7. Bb3 d6 8. a4 Bd7 9. d4 exd4 10. cxd4 Nge7 11. Nc3 Na5 12. axb5 axb5 13. Bg5 h6 14. Bh4 g5 15. Bg3 0-0 16. e5 Nxb3 17. Rxa8 Qxa8 18. Qxb3 Nf5 19. Rd1 Rd8 20. exd6 cxd6 21. d5 Rc8 22. Ne4 Qa4 23. Nfd2 Rc2 24. Nxd6 Nxd6 25. Bxd6 Bxb2 26. h3 Rc3 27. Qxa4 bxa4 28. Be5 a3 29. Bxc3 Bxc3 30. Nb3 Kf8 31. Rc1 Be5 32. Nc5 Bb5 33. Nb3 Ke7 34. Rc5 Ba4 35. Nc1 Bb2 36. Ra5 Bc2 37. Na2 Bb3 38. Nb4 Kd6 39. Ra6+ Kc5 40. d6 Be6 41. Nc2 Kb5 42. Ra8 Kc6 43. Nxa3 Kxd6 44. Nc2 h5 45. Ne3 h4 46. Ra5 Be5 47. Ng4 Bf4 48. Nf6 Kc6 49. Ne4 f5 50. Nf6 Kb6 51. Ra3 Kb5 52. Nh5 Bc1 53. Ra1 Bd2 54. Ng7 Bc4 55. Nxf5 Kc5 56. Rd1 Bf4 57. Ne3 Be6 58. Ng4 Bb3 59. Rd3 Bc4 60. Rd8 Be6 61. Nf6 Kc6 62. Nh5 Be5 63. Rd3 Bd5 64. Ra3 Kd6 65. Ra6+ Bc6 66. Ra7 Bd7 67. Rb7 Ke7 68. Rb4 Ke6 69. f4 Bd6 70. Rb6 Ke7 71. Rxd6 Kxd6 72. fxg5 Ke5 73. Nf6 Be6 74. g3 hxg3 75. Kg2 Bxh3+ 76. Kxh3 Kf5 77. Ne4 Kg6 78. Kxg3 Kf5 79. Kh4 Kg6 80. Kg4 Kg7 81. Kf5 Kf7 82. g6+ Kg7 83. Kg5 Kg8 84. Kh6 1-0

[Event "Asian Hybrid"]
[Site "Tornelo INT"]
[Date "2021.05.25"]
[Round "5"]
[White "Marticio, Jeremy"]
[Black "Moulic, Alfred"]
[Result "1-0"]
[WhiteElo "1695"]
[BlackElo "1960"]
[PlyCount "105"]
[EventDate "2021.05.21"]
[EventType "swiss"]
[EventRounds "9"]
[EventCountry "NET"]
[SourceTitle "CBM 202 Extra"]
[Source "ChessBase"]
[SourceDate "2021.07.31"]
[SourceVersion "1"]
[SourceVersionDate "2021.07.31"]
[SourceQuality "1"]

1. e4 c6 2. d4 d5 3. exd5 cxd5 4. Bd3 Nc6 5. c3 Qc7 6. h3 Nf6 7. Nf3 g6 8. Bg5 Bg7 9. Nbd2 Bf5 10. Qe2 Bxd3 11. Qxd3 0-0 12. 0-0 a6 13. Rfe1 Rac8 14. Rac1 b5 15. Bxf6 exf6 16. Nb3 Qb6 17. Nc5 Rc7 18. Nh2 Na5 19. a4 Ra7 20. b4 Nc4 21. a5 Qc6 22. Rc2 Rd8 23. Rce2 Bf8 24. Nf3 Qc8 25. Nd2 Kg7 26. Qf3 Bxc5 27. dxc5 Ne5 28. Qe3 Re7 29. Nf3 Nxf3+ 30. Qxf3 Rxe2 31. Rxe2 d4 32. Rd2 dxc3 33. Rxd8 Qxd8 34. Qxc3 Kf8 35. c6 Qd1+ 36. Kh2 Qd6+ 37. g3 Qc7 38. Qc5+ Ke8 39. Qb6 Qc8 40. Qe3+ Qe6 41. c7 Kd7 42. Qa7 Qc6 43. Qb6 Qf3 44. c8Q+ Kxc8 45. Qxa6+ Kc7 46. Qb6+ Kc8 47. Qc5+ Kd8 48. a6 Kd7 49. Qxb5+ Kc7 50. Qc5+ Kb8 51. b5 Qe2 52. a7+ Ka8 53. b6 1-0

[Event "Asian Hybrid"]
[Site "Tornelo INT"]
[Date "2021.05.22"]
[Round "2"]
[White "Chinguun, Sumiya"]
[Black "Marticio, Jeremy"]
[Result "1/2-1/2"]
[WhiteElo "2269"]
[BlackElo "1695"]
[PlyCount "112"]
[EventDate "2021.05.21"]
[EventType "swiss"]
[EventRounds "9"]
[EventCountry "NET"]
[SourceTitle "CBM 202 Extra"]
[Source "ChessBase"]
[SourceDate "2021.07.31"]
[SourceVersion "1"]
[SourceVersionDate "2021.07.31"]
[SourceQuality "1"]

1. e4 e6 2. d4 d5 3. Nc3 Bb4 4. e5 c5 5. a3 Bxc3+ 6. bxc3 Qc7 7. Nf3 Nc6 8. Bd3 Bd7 9. 0-0 Nge7 10. a4 Qb6 11. Kh1 Rc8 12. Ba3 cxd4 13. cxd4 Na5 14. Bc5 Qc7 15. Qd2 h6 16. Qb4 b6 17. Bd6 Qb7 18. Nd2 Nec6 19. Qb2 Ne7 20. Qa3 Nf5 21. Bxf5 exf5 22. Qg3 Rg8 23. c3 Be6 24. Rfb1 Qd7 25. Nb3 Nb7 26. a5 g5 27. axb6 Nxd6 28. exd6 f4 29. Qd3 axb6 30. Qh7 f6 31. Qxh6 Kf7 32. Qh7+ Rg7 33. Qh5+ Kg8 34. Ra6 Bg4 35. Qh6 Qf5 36. Rba1 Rh7 37. d7 Rxh6 38. dxc8Q+ Qxc8 39. Ra8 Rh7 40. R1a6 Rc7 41. h3 Be2 42. Rxc8+ Rxc8 43. Rxb6 Rxc3 44. Nc5 Kg7 45. h4 f3 46. Ne6+ Kg6 47. Nxg5 fxg2+ 48. Kxg2 Rd3 49. Ne6 Kf5 50. Ng7+ Kg4 51. Rxf6 Bf3+ 52. Kh2 Rd1 53. Rg6+ Kxh4 54. Nf5+ Kh5 55. Rf6 Kg5 56. Rf8 Be4 1/2-1/2

[Event "Zonal 3.3 Online"]
[Site "Tornelo INT"]
[Date "2021.05.09"]
[Round "9"]
[White "Marticio, Jeremy"]
[Black "Diez, Allan"]
[Result "1/2-1/2"]
[WhiteElo "1695"]
[BlackElo "2069"]
[PlyCount "142"]
[EventDate "2021.05.01"]
[EventType "swiss"]
[EventRounds "9"]
[EventCountry "PHI"]
[SourceTitle "CBM 202 Extra"]
[Source "ChessBase"]
[SourceDate "2021.07.31"]
[SourceVersion "1"]
[SourceVersionDate "2021.07.31"]
[SourceQuality "1"]

1. e4 c5 2. Nf3 d6 3. d4 cxd4 4. Nxd4 Nf6 5. Nc3 a6 6. Bg5 e6 7. Qd2 h6 8. Be3 Ng4 9. Be2 Nxe3 10. Qxe3 Be7 11. 0-0 Qb6 12. Rab1 Nc6 13. Rfd1 Nxd4 14. Qxd4 Qxd4 15. Rxd4 Bd7 16. Rbd1 Bc6 17. f4 g5 18. f5 h5 19. Bc4 Rh6 20. a4 Rb8 21. Kh1 b5 22. axb5 axb5 23. Bb3 b4 24. Na2 d5 25. exd5 Bxd5 26. Bxd5 exd5 27. Nc1 Rc6 28. R4d2 Rbc8 29. Re1 Kf8 30. Ree2 g4 31. Nd3 Bg5 32. Rd1 Rxc2 33. Rxc2 Rxc2 34. Nxb4 Rxb2 35. Nxd5 Rf2 36. g3 Rxf5 37. Kg2 Kg7 38. Nc3 Re5 39. Rd5 Kf6 40. Rxe5 Kxe5 41. Ne2 Ke4 42. Nc3+ Ke5 43. Ne2 Be3 44. Nc3 Bd2 45. Nd1 Kd4 46. Kf2 Ke4 47. Ke2 Ba5 48. Nf2+ Kd4 49. Nd3 Bc7 50. Ne1 Ke4 51. Ng2 Be5 52. Kf2 Bd4+ 53. Kf1 Be3 54. Nh4 Bg5 55. Ng2 Kd3 56. Kf2 Ke4 57. Kf1 f5 58. Kf2 f4 59. gxf4 Bxf4 60. h3 g3+ 61. Ke2 Bg5 62. Ne1 Be7 63. Ng2 Bc5 64. Ne1 Bd4 65. Ng2 Bf2 66. Nh4 Bc5 67. Ng2 Bd4 68. Ne1 Bb6 69. Ng2 Bc5 70. Ne1 Bb6 71. Ng2 Bc5 1/2-1/2

[Event "Zonal 3.3 Online"]
[Site "Tornelo INT"]
[Date "2021.05.08"]
[Round "8"]
[White "Lam, Choong Wai Edwin"]
[Black "Marticio, Jeremy"]
[Result "0-1"]
[WhiteElo "1787"]
[BlackElo "1695"]
[PlyCount "94"]
[EventDate "2021.05.01"]
[EventType "swiss"]
[EventRounds "9"]
[EventCountry "PHI"]
[SourceTitle "CBM 202 Extra"]
[Source "ChessBase"]
[SourceDate "2021.07.31"]
[SourceVersion "1"]
[SourceVersionDate "2021.07.31"]
[SourceQuality "1"]

1. Nf3 e6 2. g3 Nf6 3. Bg2 d5 4. d4 c5 5. 0-0 Nc6 6. b3 Be7 7. Bb2 0-0 8. Nbd2 b6 9. c4 Bb7 10. cxd5 exd5 11. Rc1 Re8 12. Nb1 Rc8 13. Nc3 Ba6 14. Re1 Ne4 15. e3 cxd4 16. Nxe4 dxe4 17. Nxd4 Nxd4 18. exd4 f5 19. Rxc8 Qxc8 20. Qd2 h6 21. h4 Qd7 22. Bh3 Qd5 23. Rc1 Bb7 24. Kh2 Bd6 25. Qe2 f4 26. Qc4 e3 27. fxe3 fxg3+ 28. Kg1 Qxc4 29. bxc4 Rxe3 30. d5 Bc5 31. Kf1 Rf3+ 32. Kg2 Rf2+ 33. Kxg3 Rxb2 34. Be6+ Kh8 35. Rf1 Bd6+ 36. Kg4 Rg2+ 37. Kf3 Rxa2 38. Ke3 Ba6 39. Rf7 Bxc4 40. Rd7 Bc5+ 41. Kf3 Rf2+ 42. Kg3 a5 43. h5 a4 44. Rc7 Bd6+ 45. Kxf2 Bxc7 46. d6 Bxe6 47. dxc7 a3 0-1